Novel process for the preparation of carbon black/silica/nanoclay master batch from fresh natural rubber latex (Record no. 51448)

MARC details
000 -LEADER
fixed length control field 00381nam a2200121Ia 4500
100 ## - MAIN ENTRY--AUTHOR NAME
Personal name Alex R
245 #0 - TITLE STATEMENT
Title Novel process for the preparation of carbon black/silica/nanoclay master batch from fresh natural rubber latex
260 ## - PUBLICATION, DISTRIBUTION, ETC. (IMPRINT)
Name of publisher US Patent 8716 366B2, 3 May 2014
700 ## - ADDED ENTRY--PERSONAL NAME
Personal name Jacob J
700 ## - ADDED ENTRY--PERSONAL NAME
Personal name Sasidharan K.K
942 ## - ADDED ENTRY ELEMENTS (KOHA)
Koha item type Bibliography STAF
Holdings
Withdrawn status Lost status Damaged status Not for loan Home library Current library Shelving location Date acquired Koha item type
      Bibliography RRII Library RRII Library Rubber technology 09/04/2014 Bibliography STAF